| 000 | 01384nam a2200193 i 4500 | ||
|---|---|---|---|
| 001 | 72752 | ||
| 003 | ES-MaACL | ||
| 005 | 20230906171538.0 | ||
| 007 | t| | ||
| 008 | 040902m19091932gw ||||1| ger d | ||
| 100 | 1 |
_aGoethe, Johann Wolfgang von, _d1749-1832 _957568 |
|
| 245 | 1 | 0 |
_aGoethes Sämtliche Werke _b: Propylaen - Ausgabe, Bd 1-45. - Goethe als Persönlichkeit, Bd 1-3. Erstes Supplement : Die Bildnisse Goethes, Bd 1 / Joh. Wolfgang v. Goethe. |
| 260 |
_aMünchen : _bGeorg Müller ; _aBerlin : _bIm Propyläen-Verlag, _c1909-1932. |
||
| 300 |
_a49 v. ; _c26 cm. |
||
| 500 | _aIndice general de la obra en el vol. 45. | ||
| 505 | 8 | _aContiene: 1. 1757- 1773 -- 2. 1773-1774 --3. 1775-1779 -- 4. 1780-1786 -- 5. 1786-1788 -- 6. 1788-1790 -- 7. 1791-1794 -- 8. 1795 -- 9. 1795-1796 -- 10. 1794-1796 -- 11. 1797 -- 12. 1798 -- 13. 1799-1800 -- 14. 1801-1802 -- 15. 1803-1804 -- 16. 1804-1805 -- 17. 1805-1806 -- 18. 1807-1809 -- 19. 1807-1809 -- 20. 1810-1811 -- 21. 1810 -- 22. 1810 -- 23. 1811-1812 -- 24. 1811-1812 -- 25. 1812-1814 -- 26. 1813 -- 27. 1814 -- 28. 1815-1816 -- 29. 1816 -- 30. 1817 -- 31. 1818 -- 32. 1819 -- 33. 1820 -- 34. 1821 -- 35. 1821-1822 -- 36. 1823-1824 -- 37. 1824-1825 -- 38. 1826 -- 39. 1826-1827 -- 40. 1828-1829 -- 41. 1829 -- 42. 1829-1830 -- 43. 1830-1831 -- 44. 1832 . | |
| 852 |
_aES-MaACL _jC-17774-22 |
||
| 999 |
_c72752 _d72752 |
||